| 000 | 01317nam a2200229Ia 4500 | ||
|---|---|---|---|
| 999 |
_c37772 _d37772 |
||
| 001 | 3749 | ||
| 003 | GE_BSU | ||
| 005 | 20190809162153.0 | ||
| 008 | 181216s1981||||ge |||||||||||||| ||geo|| | ||
| 040 | _cGE_BSU | ||
| 041 | _ageo | ||
| 080 | _a070(479.22) ბ–57 | ||
| 100 |
_aბერძენიშვილი, ლ. _93491 |
||
| 245 |
_aXIX საუკუნის ქართული დემოკრატიული პრესა : _bგლეხობის საკითხი გაზეთ "დროების" მიხედვით (1866-1885 წწ.) / _cივ. ჯავახიშვილის სახ. ისტორიის, არქეოლოგიისა და ეთნოგრ. ინ-ტი. |
||
| 264 |
_aთბილისი : _bმეცნიერება, _c1981. |
||
| 300 |
_a186 გვ. ; _b22 სმ. |
||
| 653 | _aქართული ჟურნალისტიკის ისტორია | ||
| 653 | _a"დროება", გაზეთი | ||
| 653 | _aგლეხობის საკითხი გაზეთებში | ||
| 710 |
_aივ. ჯავახიშვილის სახ. ისტორიის, არქეოლოგიისა და ეთნოგრ. ინ-ტი. _93492 |
||
| 942 |
_cBK _2udc |
||